Composite materials : science and engineering /

Bibliographic Details
Main Author: Chawla, Krishan Kumar, 1942-
Format: Book
Language:English
Published: New York : Springer+Business, [2012]
Edition:3rd ed.
Subjects:

MARC

Tag First Indicator Second Indicator Subfields
LEADER 00000cam a22000004a 4500
001 in00002783832
005 20150922144844.0
008 080922s2012 nyua b 001 0 eng
020 |a 9780387743646 (hbk.) 
020 |a 0387743642 (hbk.) 
035 |a (OCoLC)ocn260206118 
040 |a UKM  |c UKM  |d YDX  |d CDX  |d BWX  |d NDD  |d ABC  |d UtOrBLW 
049 |a TXAM 
050 4 |a TA418.9.C6  |b C43 2012 
082 0 |a 620.118  |2 22 
100 1 |a Chawla, Krishan Kumar,  |d 1942- 
245 1 0 |a Composite materials :  |b science and engineering /  |c Krishan Kumar Chawla. 
250 |a 3rd ed. 
264 1 |a New York :  |b Springer+Business,  |c [2012] 
264 4 |c ©2012 
300 |a xxiii, 542 pages :  |b illustrations (some color) ;  |c 24 cm. 
336 |a text  |b txt  |2 rdacontent 
337 |a unmediated  |b n  |2 rdamedia 
338 |a volume  |b nc  |2 rdacarrier 
500 |a Previous edition: 1998. 
504 |a Includes bibliographical references and indexes. 
650 0 |a Composite materials. 
945 |a PromptCat  |b 99272 
946 |a stk 
947 |a A14835931673 
948 |a cataloged  |b h  |c 2012/11/28  |d c  |e dmitchel  |f 8:44:16 am 
994 |a 92  |b TXA 
999 |a MARS 
999 f f |s 295c34a6-20b8-3717-a779-6e197100042a  |i 9a4b3e6b-ab65-3c04-89d8-61074773dffc  |t 0 
952 f f |p normal  |a Texas A&M University  |b College Station  |c Sterling C. Evans Library  |d Evans: Library Stacks  |t 0  |e TA418.9.C6 C43 2012  |h Library of Congress classification  |i unmediated -- volume  |m A14835931673 
998 f f |a TA418.9.C6 C43 2012  |t 0  |l Evans: Library Stacks